England National Football Team Players: P & Q - Statistics

General Stats
  • This quiz has been taken 9 times
  • The average score is 12 of 61
Answer Stats
Caps Goals First Cap Last Cap Player % Correct
19 0 1989 1994 Paul Parker
86%
18 0 2003 2013 Scott Parker
86%
67 20 1966 1974 Martin Peters
71%
1 0 1925 1925 Tom Parker
71%
2 0 1910 1910 Jack Parkinson
57%
1 0 2025 2025 Jarell Quansah
57%
81 0 2017 2025 Jordan Pickford
57%
18 1 1992 1993 Carlton Palmer
43%
12 2 2023 2025 Cole Palmer
43%
62 27 1989 1996 David Platt
43%
31 1 2020 2023 Kalvin Phillips
43%
8 0 1999 2002 Kevin Phillips
43%
10 0 2018 2022 Nick Pope
43%
78 5 1987 1999 Stuart Pearce
43%
5 0 1953 1955 Albert Quixall
29%
22 0 1988 1996 Gary Pallister
29%
3 0 1951 1954 Len Phillips
29%
1 0 1974 1974 Phil Parkes
29%
10 0 1999 2000 Ray Parlour
29%
8 5 1948 1952 Stan Pearson
29%
15 5 1976 1978 Stuart Pearson
29%
19 7 1963 1966 Terry Paine
29%
3 2 1955 1956 Bill Perry
14%
3 0 1890 1893 Charlie Perry
14%
1 0 1957 1957 David Pegg
14%
3 5 1964 1964 Fred Pickering
14%
1 0 1932 1932 Harold Pearson
14%
1 0 1933 1933 Jack Pickering
14%
1 0 1949 1949 Jesse Pye
14%
1 0 1892 1892 John Pearson
14%
7 1 1927 1927 Louis Page
14%
1 0 1989 1989 Mike Phelan
14%
1 0 1983 1983 Nick Pickering
14%
1 0 1882 1882 Percival Parr
14%
3 2 1961 1961 Ray Pointer
14%
1 0 1982 1982 Steve Perryman
14%
1 0 1886 1886 Thelwell Pike
14%
1 0 1898 1898 Tom Perry
14%
6 3 1962 1965 Alan Peacock
0%
4 1 1920 1921 Alf Quantrill
0%
2 0 1923 1923 Basil Patchitt
0%
1 0 1927 1927 Billy Pease
0%
1 0 1954 1954 Brian Pilkington
0%
5 0 2001 2002 Chris Powell
0%
3 0 1925 1926 Dick Pym
0%
3 1 1879 1882 Edward Parry
0%
2 1 1883 1885 Francis Pawson
0%
3 0 1893 1894 Fred Pelly
0%
5 0 1909 1909 Fred Pentland
0%
1 0 1900 1900 Fred Priest
0%
1 0 1923 1923 Harry Pantling
0%
1 0 1900 1900 Jack Plant
0%
1 0 1879 1879 James Prinsep
0%
25 0 1907 1920 Jesse Pennington
0%
1 2 1937 1937 Joe Payne
0%
3 0 1929 1929 Joe Peacock
0%
4 0 1974 1974 Mike Pejic
0%
2 1 1959 1960 Ray Parry
0%
1 0 1923 1923 Seth Plum
0%
2 0 1925 1926 Syd Puddefoot
0%
1 0 1891 1891 Tom Porteous
0%
No matching quizzes found
Score Distribution
Percent of People with Each Score
Percentile by Number Answered
Your Score History
You have not taken this quiz